<?xml version="1.0" encoding="UTF-8"?>
<record
    xmlns:xsi="http://www.w3.org/2001/XMLSchema-instance"
    xsi:schemaLocation="http://www.loc.gov/MARC21/slim http://www.loc.gov/standards/marcxml/schema/MARC21slim.xsd"
    xmlns="http://www.loc.gov/MARC21/slim">

  <leader>01744nam a2200253   4500</leader>
  <controlfield tag="001">113694</controlfield>
  <controlfield tag="003">DR-UNIBE</controlfield>
  <controlfield tag="005">20251017144701.0</controlfield>
  <controlfield tag="008">250527b2006    dr ||||| |||| 00| 0 spa d</controlfield>
  <datafield tag="040" ind1=" " ind2=" ">
    <subfield code="a">BIBLIOTECA UNIBE</subfield>
    <subfield code="c">BIBLIOTECA UNIBE</subfield>
    <subfield code="b">spa</subfield>
    <subfield code="e">rda</subfield>
  </datafield>
  <datafield tag="041" ind1=" " ind2=" ">
    <subfield code="a">spa</subfield>
  </datafield>
  <datafield tag="082" ind1=" " ind2=" ">
    <subfield code="2">22</subfield>
    <subfield code="a">RD 346.015 N789in 2006</subfield>
  </datafield>
  <datafield tag="100" ind1=" " ind2="0">
    <subfield code="a">Nolasco, Daniel</subfield>
    <subfield code="q">(Nolasco Olivo, Daniel Julio)</subfield>
    <subfield code="e">autor</subfield>
    <subfield code="9">107378</subfield>
  </datafield>
  <datafield tag="245" ind1="1" ind2="0">
    <subfield code="a">Instituciones de derecho de familia / </subfield>
    <subfield code="c">Daniel Nolasco : presentaci&#xF3;n: Santo Inocencio Mercedes ; pr&#xF3;logo: Francisco Antonio P&#xE9;rez Lora ; comentarios: Trajano Vidal Potentini Adames</subfield>
  </datafield>
  <datafield tag="260" ind1=" " ind2=" ">
    <subfield code="a">Santo Domingo :</subfield>
    <subfield code="b">Librer&#xED;a Jur&#xED;dica Virtual y Ediciones Jur&#xED;dicas Trajano Potentini ,</subfield>
    <subfield code="c">2006</subfield>
  </datafield>
  <datafield tag="300" ind1=" " ind2=" ">
    <subfield code="a">xxxi, 396 p&#xE1;ginas ; </subfield>
    <subfield code="c">20 x 13 cm</subfield>
  </datafield>
  <datafield tag="500" ind1=" " ind2=" ">
    <subfield code="a">Informaci&#xF3;n  sobre el autor en las solapas, comentario de la obra en la contraportada, Biblioteca tiene Tomo II</subfield>
  </datafield>
  <datafield tag="505" ind1=" " ind2=" ">
    <subfield code="a">&#xCD;ndice general |
Dedicatoria |
Presentaci&#xF3;n |
Pr&#xF3;logo |
Introducci&#xF3;n .
Tomo II.
Cap&#xED;tulo 10. La separaci&#xF3;n de cuerpos como remedio del conflicto conyugal |
Cap&#xED;tulo 11. La filiaci&#xF3;n como instituci&#xF3;n parental |
Cap&#xED;tulo 12. La legitimaci&#xF3;n  como matrimonializaci&#xF3;n filiatoria |
Cap&#xED;tulo 13. El menor como sujeto de derecho |
Cap&#xED;tulo 14. La adopci&#xF3;n como instituci&#xF3;n protectora del menor |
Cap&#xED;tulo 15. La patria potestad como responsabilidad parental |
Ap&#xE9;ndices |
Bibiograf&#xED;a 

 </subfield>
  </datafield>
  <datafield tag="650" ind1=" " ind2="7">
    <subfield code="2">lemb</subfield>
    <subfield code="a"> Derecho de familia</subfield>
    <subfield code="x">Aspectos jur&#xED;dicos</subfield>
    <subfield code="9">200084</subfield>
  </datafield>
  <datafield tag="700" ind1="1" ind2="0">
    <subfield code="a">Mercedes, Santo Inocencio</subfield>
    <subfield code="q">(Mercedes Bastardo, Santo Inocencio)</subfield>
    <subfield code="9">195999</subfield>
    <subfield code="e">presentador</subfield>
  </datafield>
  <datafield tag="700" ind1="1" ind2="0">
    <subfield code="a">P&#xE9;rez Lora, Francisco Antonio</subfield>
    <subfield code="9">134544</subfield>
    <subfield code="e">prologuista</subfield>
  </datafield>
  <datafield tag="700" ind1="1" ind2="0">
    <subfield code="a">Potentini Adames, Trajano Vidal,</subfield>
    <subfield code="d">1968-</subfield>
    <subfield code="9">195336</subfield>
    <subfield code="e">comentarista</subfield>
  </datafield>
  <datafield tag="942" ind1=" " ind2=" ">
    <subfield code="2">ddc</subfield>
    <subfield code="c">BK</subfield>
  </datafield>
  <datafield tag="999" ind1=" " ind2=" ">
    <subfield code="c">113694</subfield>
    <subfield code="d">113694</subfield>
  </datafield>
  <datafield tag="952" ind1=" " ind2=" ">
    <subfield code="0">0</subfield>
    <subfield code="1">0</subfield>
    <subfield code="2">ddc</subfield>
    <subfield code="7">0</subfield>
    <subfield code="8">GEN-RD</subfield>
    <subfield code="a">Principal</subfield>
    <subfield code="d">2025-04-08</subfield>
    <subfield code="l">0</subfield>
    <subfield code="o">RD 346.015 N789in 2006</subfield>
    <subfield code="p">250620</subfield>
    <subfield code="r">2025-05-27 16:14:59</subfield>
    <subfield code="t">T.2, Ej.1</subfield>
    <subfield code="w">2025-05-27</subfield>
    <subfield code="y">BK</subfield>
  </datafield>
</record>
